000 01065nam2a2200253 4500
001 RU\NLR\BIBL_A\022558944
005 20250727044942.0
035 _a(NLR Aleph) 022558944
090 _a13435464
_c13435464
100 _a20130115d1979 |||y0rusy50 ca
101 0 _arus
102 _aRU
105 _ay bag 001yy
200 0 _a1968-1972
210 _aМосква
_cНаука
_d1979
215 _a361, [2] с.
320 _aУказатель авторов, названий сборников и коллективных трудов: с. 280-358
320 _aУказатель "Трудов" и других продолжающихся изданий: с. 359-362
461 0 _1001rc\3475048
_12001#$aКаталог книг издательства "Наука"$v1968-1972
_96134882
_a"Наука", изд-во (Москва)
_cМосква
_d1971
_nБ. и.
_tКаталог книг издательства "Наука"
_v1968-1972
852 _aNLR
_j501АН/К-29
942 _cBOOK
980 _aNB